Estatísticas para Países Encravados

Clique aqui para jogar o quiz

Estatísticas Gerais

  • Esse quiz foi jogado 5,155 vezes
  • A pontuação média é 31 de 45

Estatísticas das Respostas

Área País % Correct
1,564,100Mongólia
87%
1,098,581Bolívia
86%
406,752Paraguai
84%
0.44Vaticano
83%
2,724,900Cazaquistão
82%
83,871Áustria
79%
41,284Suíça
78%
147,181Nepal
76%
1,284,000Chade
75%
468Andorra
75%
30,355Lesoto
74%
2586Luxemburgo
74%
93,028Hungria
74%
78,867República Tcheca
73%
49,035Eslováquia
73%
1,267,000Níger
73%
622,984República Centro-Africana
72%
38,394Butão
71%
61San Marino
71%
447,400Uzbequistão
70%
488,100Turcomenistão
70%
143,100Tajiquistão
70%
160Liechtenstein
69%
88,361Sérvia
69%
619,745Sudão do Sul
69%
199,951Quirguistão
68%
647,500Afeganistão
68%
1,240,192Mali
68%
26,338Ruanda
67%
10,908Kosovo
66%
207,600Bielorrússia
66%
17,364Essuatíni
65%
752,612Zâmbia
64%
241,038Uganda
64%
582,000Botswana
64%
390,757Zimbábue
63%
25,713Macedônia do Norte
61%
33,846Moldávia
60%
118,484Malawi
58%
29,743Armênia
58%
274,222Burkina Faso
57%
1,104,300Etiópia
57%
27,834Burundi
56%
86,600Azerbaijão
55%
236,800Laos
54%

Distribuição das Pontuações

Percentil de Números Respondidos

Porcentagem de Pessoas com Cada Pontuação

Sua Pontuação Histórica

Você não jogou esse quiz